XI Semana Internacional de estudios sociales
Publicado:
San Jorge, núm. 92 (4rt trimestre 1973), pàg 91 :
Otros Autores:
Semana de Estudios Sociales (11è : Barcelona : 1973)
MARC
| LEADER | 00000nam a2200000Ia 4500 | ||
|---|---|---|---|
| 001 | |||
| 008 | 160829s9999 xx 000 0 cat d | ||
| 245 | |a XI Semana Internacional de estudios sociales | ||
| 260 | |a San Jorge, núm. 92 (4rt trimestre 1973), pàg 91 | ||
| 610 | 2 | 0 | |a Palau de la Generalitat de Catalunya |9 53043 |
| 610 | 1 | 0 | |a Barcelona (Catalunya : Província). |b Diputació |9 52408 |
| 610 | 2 | 0 | |a Biblioteca Central (Barcelona, Catalunya) |9 54533 |
| 650 | |a Sociologia |x Congressos |9 31409 | ||
| 700 | |a Semana de Estudios Sociales (11è : Barcelona : 1973) |9 44716 | ||
| 901 | |a Arxiu | ||
| 942 | |n 1 | ||
| 952 | |0 0 |1 0 |4 0 |7 1 |9 52136 |a Arxiu |b Arxiu |d 2016-12-01 |l 0 |r 2016-12-01 00:00:00 |w 2016-12-01 |y ARXIU | ||
| 999 | |c 55984 |d 55984 | ||